Ballet Choreographer-Rep Match-up Quiz Stats

 Plays Quiz not verified by Sporcle

Challenge
Share
Tweet
Embed
Score 0/20 Timer 03:00
0 Plays Today
% Correct
Swan Lake (acts1 & 3)
58.1%
La Sylphide
58.1%
When Push Comes to Shove
58.1%
Apollo
54.8%
Swan Lake (acts 2 & 4)
51.6%
Rite of Spring
51.6%
Romeo and Juliet
48.4%
Rodeo
48.4%
Les Sylphides
48.4%
Appalachian Spring
48.4%
% Correct
Lilac Garden
45.2%
Dances at a Gathering
45.2%
Alice in Wonderland
41.9%
Coppelia
41.9%
Napoli
38.7%
The Dream
38.7%
Graduation Ball
38.7%
Sandpaper Ballet
38.7%
Spartacus
38.7%
Eugene Onegin
29%

You're not logged in!

Compare scores with friends on all Sporcle quizzes.
Join for Free
OR
Log In

You Might Also Like...

Show Comments

Extras

Top Quizzes Today


Score Distribution

Your Account Isn't Verified!

In order to create a playlist on Sporcle, you need to verify the email address you used during registration. Go to your Sporcle Settings to finish the process.

Report this User

Report this user for behavior that violates our Community Guidelines.

Details: